Quizzes
Events
Quiz Creation
Community
Videos
Private Events
Remove Ads
Sign In
Join for FREE
Feedback
Dark Mode
Quiz Categories
Sports
Geography
Music
Movies
Television
Just For Fun
Miscellaneous
History
Literature
Language
Science
Gaming
Entertainment
Religion
Holiday
For Kids
Quiz Lab
Recent
Popular Today
Quiz Kudos Today
Editor Picks
Curator Picks
Quizzes by...
Day
Popularity
Type
Ratings
Length
Year
Community
Subscriptions
Recent Discussions
Orange Saloon
Badges
Playlists
Quests
Create
Leaderboards
Showdown
Live 5
Trivia Bingo
Activity
Puzzle Library
Sporcle Events
Private Events
Virtual Trivia
Globe League
Become a Host
Pub Owners
SporcleCon
Opinionation
Our Games
Videos
Blog
Mobile Apps
Partnerships
Remove Ads and Go Orange
Feedback
Science
Computer
Plants
Astronomy
Chemistry
Elements
Math
Animal
Physics
Anatomy
Biology
Geology
General Science
Science
Computer
Plants
Astronomy
Chemistry
Elements
Math
Animal
Physics
Anatomy
Biology
Geology
General Science
Random Quiz
Search Sporcle
×
Quiz Lab
Quiz Lab
Science
Definition
Select answers by clicking on text or image buttons
Select answers by clicking on text or image buttons
Clickable
Best Score? Go Orange.
Endocrine System Stats
Can you link the words with the definitions?
By
NursingStudent
10m
46 Questions
638 Plays
638 Plays
638 Plays
Comments
Comments
Give Quiz Kudos
Give Quiz Kudos
-
- Ratings
hide this ad
Forced Order
Answers have to be entered in order
Answers have to be entered in order
Replay
Link that replays current quiz
Next Quiz
Link to next quiz in quiz playlist
You Got
0%
They Got
Avg Score
52%
Avg Friend Score
Upgrade to see
Score Distribution
Jump to the score distribution portion of the page
Score
0/46
Timer
10:00
0
Plays Today
% Correct
Pancreas
68.3%
Testosterone
68.1%
Melatonin
67.5%
Adrenal glands
67.3%
Prolactin
65.9%
Thyroid gland
63.4%
Hypothalamus
61.5%
Islet cells
60.1%
Parathyroid glands
59.7%
Thymus gland
59%
Gonads
59%
Glucagon
58.5%
Pineal gland
58.2%
Pituitary gland
57.1%
Oxytocin
56.8%
Growth hormone
56%
Hypothyroidism
55.9%
Graves disease
55.9%
Adrenaline and noradrenaline
54.6%
Thyroid stimulating hormone
54%
Beta cells
53.4%
Glycogen
52.4%
Erythropoietin
51.9%
% Correct
Acromegaly
50.7%
Infundibulum
50.4%
Adrenal medulla
49.5%
Cushing's syndrome
49.5%
Goitre
49.1%
Addison's disease
48.7%
Thyroxine and triiodothyronine
48.4%
Adrenocorticotropic hormone
47.9%
Alpha cells
47.7%
Adrenal cortex
47.6%
Gonadotropins
45.7%
Calcitonin
45.4%
Aldosterone
44.7%
Parathyroid hormone
44.3%
Cortisol
44.3%
Posterior pituitary gland
43.5%
Anterior pituitary gland
42.9%
Progesterone
42.7%
Oestrogen
41.3%
Atrial atriuretic peptide
40.5%
Human chorionic gonadotropin
39.7%
Follicle stimulating hormone
35%
Lutenising hormone
34.1%
Quiz Playlist
Details
Report
Send in Message
Add To Playlist
Clickable:
Select answers by clicking on text or image buttons
Forced Order:
Answers have to be entered in order
Last Updated: Apr 3, 2018
Quiz Scoreboard
CHALLENGE
Sign Up to Join the Scoreboard
Show All
Scores
Hide
Comments
May contain spoilers
Recently Published
Presidents Visiting Landmarks
by Hejman
History
7m
An Introduction to Baseball
by treessimontrees
Sports
5m
Movies - When Are They Set?
by FPL_Elf
Movies
5m
More to Explore
Quiz From the Vault
Featured Blog Post
Where Did the Easter Bunny Come From?
hide this ad
You Might Also Like...
Tags
Clickable Quiz
Definition Quiz
endocrine
link
System
Today's Top Quizzes in Science
Browse Science
hide this ad
Today's Top Quizzes in Definition
Browse Definition
Top Contributed Quizzes in Science
1
Quick Pick: Radians
2
Name the Acid, Base or Salt
3
Quick Pick: 'CI-CJ' Animals
4
Elements In Images
5
One Thing in Common: Science
6
One Thing in Common: Animals
7
One Thing in Common: Science III
8
1 to 50
9
One Thing in Common: Science II
10
Order Up: Organs and Body Systems
Explore More
Trending Topics
Crossword
Disney
Kpop
Marvel
NBA
Harry Potter
Anime
Country
WWE
Pokémon
Soccer
Puzzle
NFL
Song
The Office
hide this ad
More By:
NursingStudent
Quiz
Plays
Rating
Category
Featured
Created
Male Reproductive System
4,259
4.83
Science
Jan 14, 2015
Fluids, electrolytes and acid base balance
2,902
Science
Dec 18, 2014
Female reproductive system
1,928
5.00
Science
Jan 14, 2015
Integumentary System
914
Science
Dec 11, 2014
Pharmacology
779
Science
Dec 16, 2014
Go to Creator's Profile
Score Distribution
Quiz Creator Spotlight
NursingStudent
Follow
Send a Message
Quizzes Created
-
Created Quiz Play Count
-
More By This Creator
Popular Quizzes Today
1
Find the US States - No Outlines Minefield
2
Find the Countries of Europe - No Outlines Minefield
3
The Countries of the World
4
Find the US States
5
Popular People in 1961
6
US States
7
Risky Map Clicking: Biggest States A-Z
8
Movies - When Are They Set?
More Science Quizzes
Animals by Lego
Published
Trending Quizzes
Risky Map Clicking: Least Populous States A-Z
1-10 Letter G Words
1-10 Letter F Words
Risky Map Clicking: Next State Alphabetically
Risky Map Clicking: Biggest States A-Z
Recently Updated
Leaping Animals
pecheneg
Reality TV Shows (A-Z)
bhenderson79
Rickey Henderson's Hall of Fame Teammates
pecheneg
Champions League XIs: Arsenal
pecheneg
Quick Pick: Celebrities in WWE's Hall of Fame
aduchscher
A-Z Keypad Blitz II
pecheneg
Multiple Oscar Actors
pecheneg
Mystery Phrase Blitz: Oscar 'Best Actors'
pecheneg
F. Scott Fitzgerald Novels
LTH
Pick 3 Villains
ddd62291
Trending Topics
Disney
Kpop
NBA
Crossword
Harry Potter
Marvel
Anime
The Office
Pokémon
Song
WWE
Puzzle
Country
NFL
Soccer
Your Account Isn't Verified!
In order to create a playlist on Sporcle, you need to verify the email address you used during registration. Go to your
Sporcle Settings
to finish the process.
Report this User
Report this user for behavior that violates our
Community Guidelines
.
Details:
Send Report
Go to the Sporcle.com Mobile Site →
Comments